Case Law Evidence Act : (Record no. 76592)
[ view plain ]
| 000 -LEADER | |
|---|---|
| fixed length control field | 00921nam a22002537a 4500 |
| 001 - CONTROL NUMBER | |
| control field | 76592 |
| 003 - CONTROL NUMBER IDENTIFIER | |
| rucl marc code | BD-RjUL |
| 005 - DATE AND TIME OF LATEST TRANSACTION | |
| control field | 20211209082849.0 |
| 008 - FIXED-LENGTH DATA ELEMENTS--GENERAL INFORMATION | |
| fixed length control field | 191224s2019 bg ||||| |||| 00| 0 eng d |
| 035 ## - SYSTEM CONTROL NUMBER | |
| System control number | (BD-RjUL)76816 |
| 040 ## - CATALOGING SOURCE | |
| Original cataloging agency | BD-RjUL |
| Language of cataloging | eng |
| Transcribing agency | BD-RjUL |
| 041 ## - LANGUAGE CODE | |
| Language code of text/sound track or separate title | eng |
| 082 ## - DEWEY DECIMAL CLASSIFICATION NUMBER | |
| Edition number | 23 |
| Classification number | 345.5492002632 |
| Author mark and year | ALC 2019 |
| 100 ## - MAIN ENTRY--PERSONAL NAME | |
| Personal name | Ali, Md. Keramat |
| 9 (RLIN) | 236794 |
| 245 ## - TITLE STATEMENT | |
| Title | Case Law Evidence Act : |
| Remainder of title | (admiralty, civil, criminal, special original, statutury) case law with commentary / |
| Statement of responsibility, etc. | Authored by Md. Keramat Ali ; Co-author & edited by Faysal Habib |
| 246 ## - VARYING FORM OF TITLE | |
| Title proper/short title | Case Law Evidence Act : |
| Remainder of title | case law with commentary |
| 250 ## - EDITION STATEMENT | |
| Edition statement | 1st edition. |
| 260 ## - PUBLICATION, DISTRIBUTION, ETC. (IMPRINT) | |
| Place of publication, distribution, etc. | Dinajpur, Bangladesh : |
| Name of publisher, distributor, etc. | Black Coat Publication Firm, |
| Date of publication, distribution, etc. | 2019 |
| 300 ## - PHYSICAL DESCRIPTION | |
| Pagination | vii, 281 p. ; |
| Size | 25 cm. |
| 650 ## - SUBJECT ADDED ENTRY--TOPICAL TERM | |
| Topical term or geographic name as entry element | Criminal law |
| Geographic subdivision | Bangladesh |
| 9 (RLIN) | 236795 |
| Topical term or geographic name as entry element | Evidence, Criminal |
| Geographic subdivision | Bangladesh. |
| 9 (RLIN) | 236796 |
| 700 ## - ADDED ENTRY--PERSONAL NAME | |
| Personal name | Habib, Faysal |
| 942 ## - ADDED ENTRY ELEMENTS (KOHA) | |
| Source of classification or shelving scheme | Dewey Decimal Classification |
| Koha item type | Books |
| Lost status | Source of classification or shelving scheme | Damaged status | Not for loan | Permanent Location | Current Location | Shelving location | Date acquired | Source of acquisition | Cost, normal purchase price | Total Checkouts | Full call number | Date last seen | Copy number | Koha item type |
|---|---|---|---|---|---|---|---|---|---|---|---|---|---|---|
| Dewey Decimal Classification | Not For Loan | Central Library, University of Rajshahi | Central Library, University of Rajshahi | Reading Room | 11/12/2019 | Author | 1000.00 | B 345.5492002632 ALC 2019 | 24/12/2019 | C-1 | Books |